Statistics for who has more mvps

Click here to take the quiz!

General Stats

  • This quiz has been taken 9 times
  • The average score is 5 of 7

Answer Stats

QuestionAnswer% Correct
who has more mvps Stephen curry or kevin Durantstephen curry
100%
who has more mvps Lebron James or Micheal JordanMicheal Jordan
86%
who has more mvps Kobe Bryant or Stephen curryStephen Curry
86%
who has more mvps Kareem Abdul-jabbar bill Russell or Michael JordanKareem abdul-jabbar
71%
Who was more mvps derrick rose or Dirk NowitzkiTie
71%
who has more Finals MVPS Michael Jordan or Bill RussellBill Russell
29%
Who has more mvps Allen Iverson or Bill WaltonTie
29%

Score Distribution

Percentile by Number Answered

Percent of People with Each Score

Your Score History

You have not taken this quiz